000
00308nam a2200121Ia 4500
008
220204s9999 xx 000 0 und d
082
_a
630
_b
BAL
100
_a
BALAKATHIRESAN, S
245
0
_a
Essentials of forest management
260
_a
Dehra Dun
_b
Natraj
_c
1986
650
_a
Forest management
942
_c
BK
999
_c
40071
_d
40071